000 00217 a2200097 4500
001 121074
040 _cEscola Canadense de Niteroi
245 1 0 _aBabruxa, o caldeirão e o dragão
650 4 _aHistória
942 _cMATP
999 _c121074
_d121074